00498nam a22001697a 450000500170000000800410001702000180005804000130007608200200008910000210010924500980013026000280022830000110025654600070026765000330027470000210030720170214105732.0170119b xxu||||| |||| 00| 0 eng d a9780980941302 cPK-LaUMT a283.0922bMOO-A aMoore, Robert J. aAudacious anglicans:bheroes of the anglican communion/cRobert J. Moore and Gerald T. Rayner aPicton:bBluejay,c2008 a237 p. aen aAnglican communion-Biography aGerald T. rayner